| 000 | 01457nam0a22003251 4500 | ||
|---|---|---|---|
| 001 | RU\NLR\INFOCOMM_161\5000033364 | ||
| 005 | 20250613090911.0 | ||
| 035 | _a(NLR Aleph) 009083720 | ||
| 090 |
_a7998280 _c7998280 |
||
| 100 | _a20081206d1987 |||y0rusy50 ca | ||
| 101 | 1 |
_afre _crus |
|
| 102 | _aRU | ||
| 105 | _aab z 000zy | ||
| 200 | 1 |
_aLe complot contre l'Afghanistan: les principaux acteurs et leurs protecteurs _fMouhammad Aziz, Vadim Vladimirov _g[trad. du russe par Valéry Vakoulenko] |
|
| 210 |
_aMoscow _cÉd. de l'Agence de presse "Novosti" _d1987 |
||
| 215 |
_a76 с. _cил., карт. _d16 см |
||
| 300 | _aВ вып. дан.: Заговор против Афганистана: действующие лица и покровители / Азиз Мухаммад, Владимиров Вадим | ||
| 517 | 1 | _aЗаговор против Афганистана: действующие лица и покровители | |
| 606 |
_aИмпериализм _xПодрывная деятельность против Афганистана _z20 в. _2nlr_sh1 |
||
| 606 |
_aКонтрреволюция _yАфганистан _z1978- _2nlr_sh1 |
||
| 686 |
_aТ3(5Аф)63-496 _2rubbk |
||
| 686 |
_aТ3(0)63-67 _2rubbk |
||
| 700 | 1 |
_aAziz _bM. _gMohammad _4070 |
|
| 701 | 1 |
_aVladimirov _bV. _gVadim _4070 |
|
| 801 | 1 |
_aRU _bNLR _c20081206 |
|
| 801 | 0 |
_aRU _bNLR _gPSBO |
|
| 852 |
_aNLR _jИ91 Д-2/274 |
||
| 942 | _cBOOK | ||
| 980 | _aNB | ||